000 00469nam a2200181 i 4500
001 97630
003 ES-MaACL
007 t|
008 050714s1916 fr ||||1| fre d
100 1 _aMarès, Ronald de.
_976590
245 1 3 _aLe miroir des jours /
_cRoland de Marès.
260 _aParis :
_bGeorges Cres et Cie,
_c1916.
300 _a160 p. ;
_c16 cm.
490 1 _aBellum
830 0 _aBellum
_9181605
852 _aES-MaACL
_jG-2035
999 _c97630
_d97630